| 000 | 00854nam a2200241 i 4500 | ||
|---|---|---|---|
| 001 | 38919 | ||
| 003 | ES-MaACL | ||
| 005 | 20240422105725.0 | ||
| 007 | t| | ||
| 008 | 030226s1975 sp ||||1| spa d | ||
| 080 | _a398.9(460)(038) | ||
| 100 | 1 |
_aCampos, Juana G. _934248 |
|
| 245 | 1 | 0 |
_aDiccionario de refranes / _cJuana G. Campos y Ana Barella ; prólogo de Rafael Lapesa. |
| 260 |
_aMadrid : _bReal Academia Española, _c1975. |
||
| 300 |
_aXXXII, 500 p. ; _c25 cm. |
||
| 490 | 1 |
_aAnejos del Boletín de la Real Academia Española ; _v30 |
|
| 650 | 4 |
_aRefranes y proverbios- _zEspaña- _vDiccionarios. _916727 |
|
| 700 | 1 |
_aBarella, Ana. _925614 |
|
| 700 | 0 |
_aLapesa, Rafael, _d1908-2001 _970146 |
|
| 830 | 0 |
_aAnejos del Boletín de la Real Academia Española ; _v30 _9180902 |
|
| 852 |
_aES-MaACL _jC-853 _bR.100137 |
||
| 999 |
_c38919 _d38919 |
||